Catalog

Record Details

Catalog Search



Obecné dějiny antisemitismu : od starověku po dvacáté století / Gerald Messadié ; přeložila Hana Müllerová

Summary:

Autor rozlišuje a podrobně analyzuje tři odlišné historické formy antisemitismu (antijudaismu) - antisemitismus předkřesťanský, křesťanský a nacionalistický antisemitismus nové doby. Nicovaz
Zdroje a projevy antisemitismu v průběhu vývoje lidské civilizace od antiky po 20. století.

Record details

  • ISBN: 80-7252-038-5 (váz.)
  • Physical Description: 317 s. ; 21 cm
  • Edition: Vyd. 1.
  • Publisher: Praha : Práh, 2000

Content descriptions

General Note:
Přeloženo z francouzštiny
Bibliography, etc. Note:
Obsahuje bibliografické odkazy

Available copies

  • 3 of 3 copies available at Common Catalog SPOK.

Holds

  • 0 current holds with 3 total copies.
Show Only Available Copies
Location Call Number / Copy Notes Barcode Shelving Location Status Due Date
ETS Library 909.04924 424470004871 Volný výběr Available -
Terezin Initiative Institute 3056 4594303056 Knihovna ITI Available -
The Jewish community of Prague J 1223 4638302741 J - Judaika Available -

LDR 01910nam a2200481 a 4500
00126561
003CZ-PrJAB
00520220902165022.0
008010125s2000 xr gr 000 0 cze
015 . ‡acnb000980472
020 . ‡a80-7252-038-5 (váz.)
035 . ‡a(CONS)1372
035 . ‡a(CZ PrSKC)cpk20000980472
035 . ‡a(OCoLC)46964659
040 . ‡aABA001 ‡bcze ‡dABA001
0411 . ‡acze ‡hfre
080 . ‡a94(=411.16) ‡2MRF
080 . ‡a323.28 ‡2MRF
080 . ‡a27-67:26 ‡2MRF
080 . ‡a316.64(=411.16)-021.485 ‡2MRF
080 . ‡a(048.8) ‡2MRF
08214. ‡a909.04924
1001 . ‡aMessadié, Gerald, ‡d1931- ‡7jn19990005633 ‡4aut
24510. ‡aObecné dějiny antisemitismu : ‡bod starověku po dvacáté století / ‡cGerald Messadié ; přeložila Hana Müllerová
250 . ‡aVyd. 1.
260 . ‡aPraha : ‡bPráh, ‡c2000
300 . ‡a317 s. ; ‡c21 cm
500 . ‡aPřeloženo z francouzštiny
504 . ‡aObsahuje bibliografické odkazy
5209 . ‡aAutor rozlišuje a podrobně analyzuje tři odlišné historické formy antisemitismu (antijudaismu) - antisemitismus předkřesťanský, křesťanský a nacionalistický antisemitismus nové doby. Nicovaz
5209 . ‡aZdroje a projevy antisemitismu v průběhu vývoje lidské civilizace od antiky po 20. století.
7001 . ‡aMüllerová, Hana ‡7jk01082461 ‡4trl
8524 . ‡bJACH-ITI ‡bJACH-ITI ‡cKnihovna ITI ‡j3056 ‡p3056 ‡y$0.00
910 . ‡aABG450
910 . ‡aABE340 ‡b3056
910 . ‡aABE461
995 . ‡aska
999 . ‡a6649 ‡bAUTOGEN ‡c6649 ‡tbiblio
995 . ‡askok
901 . ‡a26561 ‡bUnknown ‡c26561 ‡tbiblio ‡sets

Additional Resources